000 01034cam a2200277 i 4500
003 SA-RiAUC
005 20250921132959.0
008 250919s1997 ua g 000r0 ara c
040 _aSA-JeALM
_bara
_cSA-RiAUC
_erda
043 _ae-fr---
082 0 4 _a210.944
090 _a210.944
_bك س ب
100 1 _aكسبة، مصطفى دسوقي
_eمؤلف.
245 1 2 _aالمسلمون في فرنسا :
_bأصولا وهجرات /
_cتأليف مصطفى دسوقي كسبة ؛ رئيس التحرير علي أحمد الخطيب.
264 1 _aالقاهرة :
_bالأزهر،
_c[1997]
300 _aمجلد؛
_c20 سم.
336 _aنص
_btxt
_2rdacontent
_3كتاب
337 _aبدون وسيط
_bn
_2rdamedia
338 _aمجلد
_bnc
_2rdacarrier
440 0 _aمجلة الأزهر
650 7 _aالمسلمون
_zفرنسا
_2aucsh
650 7 _aالإسلام
_zفرنسا
_2aucsh
700 1 _aالخطيب، علي أحمد
_eمحرر.
942 _2ddc
_cBOOK
_n0
949 _aSA-JeALM
_d250919
_umohamedma123
_n1
999 _c11956
_d11956